000 00403nam a2200181Ia 4500
001 1156
005 20260306140611.0
008 260306t2000||||xx |||||||||||||| ||spa||
041 _aESP
082 _a185
_bA72P 2000
100 _aAristóteles
_eAUT
245 0 _aLa política
260 _c2000
300 _a363 páginas :
_c23 cm.
650 _aGEN
654 _aCHU
942 _cLIB
_dJUS
_fJUS
_2ddc
_n
999 _c1156
_d1156